| 000 | 00365nam a2200133Ia 4500 | ||
|---|---|---|---|
| 008 | 220217s9999||||xx |||||||||||||| ||und|| | ||
| 020 | _a81-224-0346-8 | ||
| 082 | _a621.317 GEI | ||
| 100 | _aGelder, Erich | ||
| 245 | 0 | _aSiemens:the transistor as a switch | |
| 260 |
_aWiley eastern limited _bNew Delhi _c1999 |
||
| 300 | _b40 | ||
| 650 | _aELECTRICAL SCIENCE | ||
| 999 |
_c173287 _d173287 |
||